000 00355nam a22001457a 4500
003 OSt
005 20160727222400.0
008 160623b xxu||||| |||| 00| 0 eng d
040 _cTEST
100 _9676
_aAnderson, J.I
245 _aThe First Thanks Giving
260 _aN.J
_b Troll Associalte
_c1977
300 _aThe First Thanks Giving
942 _2ddc
_cBK
999 _c544
_d544